| 000 | 00496nam a2200157Ia 4500 | ||
|---|---|---|---|
| 008 | 210716s2005 xx 000 0 und d | ||
| 020 | _a8130900874 | ||
| 041 | _aeng | ||
| 082 | _a658.1 KARM | ||
| 100 | _aKarns, Margaret P;Mingst, Karen A. | ||
| 245 |
_aInternational organizations: the politics and processes of global governance. _bPolitics and processes of global governance. |
||
| 250 | _a1 | ||
| 260 |
_aBangalore _bViva Books _c2005 |
||
| 300 | _axvi,603 | ||
| 650 | _aGeneral Management | ||
| 999 |
_c199265 _d199265 |
||